Konkurenceschopnost národních ekonomik - kritická reflexe konceptu

Kritika koncepcie konkurencieschopnosti národných ekonomík. Motivácia pre používanie koncepcie kokurencieschopnosti. Ídea voľného obchodu a súčasné podmienky. Možnosti politickej autority. Aglomerácia a konkurencieschopnosť. Problémy s politikou konkurencieschopnosti. Limity verejných zásahov. Med...

Ausführliche Beschreibung

Gespeichert in:
Bibliographische Detailangaben
1. Verfasser: Krpec, Oldřich
Weitere Verfasser: Hodulák, Vladan
Format: Buchkapitel
Sprache:Tschechisch
Schlagworte:
Tags: Tag hinzufügen
Keine Tags, Fügen Sie das erste Tag hinzu!

MARC

LEADER 00000naa a2200000 4500
001 0181619
005 20231207121324.7
041 0 |a cze 
044 |a CZ 
245 1 0 |a Konkurenceschopnost národních ekonomik - kritická reflexe konceptu  |c Oldřich Krpec, Vladan Hodulák 
520 |a Kritika koncepcie konkurencieschopnosti národných ekonomík. Motivácia pre používanie koncepcie kokurencieschopnosti. Ídea voľného obchodu a súčasné podmienky. Možnosti politickej autority. Aglomerácia a konkurencieschopnosť. Problémy s politikou konkurencieschopnosti. Limity verejných zásahov. Medzinárodné dopady politiky konkurecieschopnosti. 
610 2 0 |a konkurencieschopnosť 
610 2 0 |a liberalizácia 
610 2 0 |a obchod voľný 
610 2 0 |a rast hospodársky 
610 2 0 |a hospodárstvo svetové 
100 1 |a Krpec, Oldřich 
700 1 |a Hodulák, Vladan